Geometría axiomática /

Guardado en:
Autor Principal: Blumenthal, Leonard M. 1901-
Formato: Libro
Idioma:Spanish
English
Publicado: Madrid : Aguilar, 1965.
Etiquetas: Agregar Etiqueta
Sin Etiquetas, Sea el primero en etiquetar este registro!
LEADER 01131nam a22002055a 4500
001 MAT.inmabb006962
008 170711s1965####sp#a##########001#0#spa#d
005 20170711180312.0
245 1 0 |a Geometría axiomática /  |c Leonard M. Blumenthal ; traducción del inglés por Mario Meléndez Rolla. 
260 |a Madrid :  |b Aguilar,  |c 1965. 
300 |a xv, 220 p. :  |b il. ;  |c 18 cm. 
500 |a Traducción de: A modern view of geometry. San Francisco : W. H. Freeman, 1961. 
500 |a Incluye índice. 
505 0 |a 1. Desarrollo histórico -- 2. Conjuntos y proposiciones -- 3. Sistemas axiomáticos -- 4. Introducción de coordenadas en el plano afín -- 5. Coordenadas en un plano afín con las propiedades de Desargues y de Pappus -- 6. Introducción de coordenadas en el plano proyectivo -- 7. Postulados métricos del plano euclídeo -- 8. Postulado de los planos no euclídeos. 
510 4 |a MR,  |c 23 #A3481  |3 (de la ed. original) 
100 1 |a Blumenthal, Leonard M.  |q (Leonard Mascot),  |d 1901- 
240 1 0 |a Modern view of geometry.  |l Español 
084 |a 51-01  |2 msc2000 
041 1 |a spa  |h eng 
859 |h 51  |i B658me  |p A-9109  |b BIB. MATEMATICA